00906 am a2200265 a 450000500170000000800410001702000150005804100080007310000260008124500590010725000540016626000380022030000170025850001140027565300250038965300230041465300220043765300250045965300250048465300310050965300350054065300190057565300220059470000240061620240802093823.0100812s2002||||ag a f |||| 001 0 spa d a9500203766 aspa1 aCingolani, Horacio E. aFisiología Humana de Houssay /cHoracio E. Cingolani a7a ed. 2a reimp. Renovada, actualizada y ampliada aBuenos Aires: bEl Ateneo;c2002. a1126 p.bil. aCingolani, H. E. y Houssay, A. B. (2002). Fisiología Humana de Houssay. (7a ed.). Buenos Aires : El Ateneo. aFisiología general aSangre e inmunidad aSistema digestivo aSistema circulatorio aSistema respiratorio aRiñón y electrólitos aMetabolismo y endocrinología aReproducción aNeurofisiología1 aHoussay, Alberto B.